000 00752nam a2200241Ia 4500
003 GCL
008 140319s9999 xx 000 0 ara d
040 _aGCL /
_cGCL
082 0 4 _a523.101
_bد ح
100 1 _aدورشنر، جوهان
245 1 0 _aالحياة فى الكون كيف نشات واين توجد /
_cدورشنر، جوهان
700 1 _aعيسى على عيسى (مترجم)
260 _a[S.N] :
_bالهيئة المصرية العامة للكتاب ،
_c1988
300 _a192 ص
490 _aالالف كتاب
_v0
650 0 4 _aفلسفة
650 0 4 _aالفلك
650 0 4 _aالارض
650 0 4 _aالكون
650 0 4 _aالخلق
650 0 4 _aما وراء الطبيعة, علم
942 _2ddc
_cBK
999 _c31132
_d31132